Word processing on the UNIX system

Bibliographic Details
Main Author: Krieger, Morris
Format: Book
Published: New York : McGraw Hill , 1985
Subjects:

MARC

LEADER 00000cam a2200000 7i4500
001 0000003771
002 000004061
005 20080514.0
020 |a 0070354987 
090 0 0 |a 652.5   |b KRI 
100 1 |a Krieger, Morris 
245 1 0 |a Word processing on the UNIX system   |c Morris Krieger 
260 |a New York :   |b McGraw Hill ,   |c 1985 
300 |a 380 p. ;   |c 23 cm. 
650 0 0 |a UNIX (Computer operating system) 
650 0 0 |a Word processing 
999 |a 037008   |b BUKU   |c PINJAMAN   |e PERPUSTAKAAN KOMUNITI PETALING JAYA